000 00353 a2200157 4500
001 150906
040 _cEscola São Tomás de Aquino
100 _aBANDEIRA, Pedro
240 1 0 _aUma ideia solta no ar
_lpor
245 1 0 _aUma ideia solta no ar
300 _a31
362 0 _a2009
440 1 _aModerna
697 _a*LITERATURA INFANTO
942 _cBK
999 _c150906
_d150906